[Event "RSA-ch U20 Girls"]
[Site "Waterkloof"]
[Date "2015.04.07"]
[Round "6"]
[White "De Beer, Rene"]
[Black "Samons, Marcelle"]
[Result "0-1"]
[WhiteElo "1343"]
[BlackElo "1435"]
[PlyCount "61"]
[EventDate "2015.04.04"]
[EventType "swiss"]
[EventRounds "9"]
[EventCountry "RSA"]
[SourceTitle "CBM 166 Extra"]
[Source "ChessBase"]
[SourceDate "2015.06.18"]
[SourceVersion "1"]
[SourceVersionDate "2015.06.18"]
[SourceQuality "1"]

1. d4 d5 2. c4 e6 3. Nc3 Nf6 4. Bg5 Nbd7 5. Nf3 c6 6. e3 Be7 7. cxd5 exd5 8. Bd3 Nf8 9. 0-0 h6 10. Bxf6 Bxf6 11. Qc2 Bg4 12. Be2 Ng6 13. h3 Be6 14. Bd3 Nh4 15. Nxh4 Bxh4 16. Bf5 Bxf5 17. Qxf5 Qf6 18. Qxf6 Bxf6 19. Ne2 Kd7 20. Ng3 g6 21. Rac1 h5 22. Rfd1 h4 23. Ne2 g5 24. Nc3 Rae8 25. b4 b5 26. a3 Bd8 27. Na2 f5 28. Nc3 f4 29. Re1 fxe3 30. fxe3 Bf6 31. Rcd1 0-1

[Event "RSA-ch U20 Girls"]
[Site "Waterkloof"]
[Date "2015.04.06"]
[Round "4"]
[White "Wiid, Juane"]
[Black "Samons, Marcelle"]
[Result "1/2-1/2"]
[WhiteElo "1359"]
[BlackElo "1435"]
[PlyCount "65"]
[EventDate "2015.04.04"]
[EventType "swiss"]
[EventRounds "9"]
[EventCountry "RSA"]
[SourceTitle "CBM 166 Extra"]
[Source "ChessBase"]
[SourceDate "2015.06.18"]
[SourceVersion "1"]
[SourceVersionDate "2015.06.18"]
[SourceQuality "1"]

1. e4 e6 2. d4 d5 3. e5 c5 4. c3 Nc6 5. Bd3 Qb6 6. Nf3 Bd7 7. 0-0 cxd4 8. cxd4 Nxd4 9. Nxd4 Qxd4 10. Nc3 Qxe5 11. Re1 Qd6 12. Bb5 Be7 13. Qd4 Nf6 14. Bf4 Qb4 15. Bxd7+ Kxd7 16. Qe5 Bd6 17. Qxd6+ Qxd6 18. Bxd6 Kxd6 19. Rac1 a6 20. Na4 b5 21. Nc5 Ra7 22. Nd3 Nd7 23. Nb4 Nc5 24. Red1 Rd8 25. f3 Rad7 26. Kf1 Rc7 27. Ke2 a5 28. Nc2 Rb7 29. Nd4 g6 30. f4 b4 31. g3 Rb6 32. h3 Na6 33. g4 1/2-1/2

[Event "World ol U16"]
[Site "Gyor"]
[Date "2014.12.21"]
[Round "10.3"]
[White "Nam, Ju Won"]
[Black "Samons, Marcelle"]
[Result "1-0"]
[WhiteElo "1435"]
[BlackElo "1539"]
[PlyCount "103"]
[EventDate "2014.12.13"]
[EventType "team-swiss"]
[EventRounds "10"]
[EventCountry "HUN"]
[SourceTitle "EXT 2016"]
[Source "ChessBase"]
[SourceDate "2015.10.08"]
[SourceVersion "1"]
[SourceVersionDate "2015.10.08"]
[SourceQuality "1"]
[WhiteTeam "South Korea"]
[BlackTeam "South Africa Girls"]
[WhiteTeamCountry "KOR"]
[BlackTeamCountry "RSA"]

1. e4 e6 2. d4 d5 3. exd5 exd5 4. Nf3 Bd6 5. Bd3 Ne7 6. 0-0 h6 7. c4 Be6 8. c5 Bxh2+ 9. Nxh2 Nd7 10. Nc3 c6 11. b4 h5 12. f4 g6 13. Qe2 Kf8 14. Bxg6 Nxg6 15. f5 Bxf5 16. Rxf5 Qe8 17. Qxe8+ Rxe8 18. Bd2 Nh4 19. Rg5 f6 20. Rf1 Rh7 21. Rg3 Kf7 22. Nf3 Nf5 23. Ng5+ Ke7 24. Rxf5 fxg5 25. Re3+ Kd8 26. Rxe8+ Kxe8 27. Rxg5 Nf6 28. Re5+ Kf8 29. Rf5 Kg7 30. Re5 Kf8 31. b5 Ng4 32. Rf5+ Ke7 33. a4 Rh8 34. Rg5 Kf7 35. Nxd5 cxd5 36. Rxd5 Nf6 37. Rf5 Ke6 38. Re5+ Kf7 39. c6 bxc6 40. bxc6 Rc8 41. d5 Kg6 42. Ba5 a6 43. c7 Ne8 44. d6 Nxd6 45. Re6+ Kf7 46. Rxd6 Ke7 47. Rd8 Rxc7 48. Bxc7 h4 49. Ra8 Kd7 50. Rxa6 Kxc7 51. Rh6 Kb7 52. Rxh4 1-0

[Event "World ol U16"]
[Site "Gyor"]
[Date "2014.12.20"]
[Round "9.3"]
[White "Samons, Marcelle"]
[Black "Gluckman, Paul"]
[Result "0-1"]
[WhiteElo "1539"]
[BlackElo "1696"]
[PlyCount "70"]
[EventDate "2014.12.13"]
[EventType "team-swiss"]
[EventRounds "10"]
[EventCountry "HUN"]
[SourceTitle "EXT 2016"]
[Source "ChessBase"]
[SourceDate "2015.10.08"]
[SourceVersion "1"]
[SourceVersionDate "2015.10.08"]
[SourceQuality "1"]
[WhiteTeam "South Africa Girls"]
[BlackTeam "South Africa II"]
[WhiteTeamCountry "RSA"]
[BlackTeamCountry "RSA"]

1. d4 f5 2. Nf3 e6 3. g3 Nf6 4. Bg2 d5 5. c4 c6 6. Bf4 Bd6 7. Ne5 0-0 8. Nd2 Nh5 9. e3 Nxf4 10. exf4 Nd7 11. c5 Bc7 12. Nxd7 Bxd7 13. b4 b6 14. Nf3 bxc5 15. dxc5 Qf6 16. Qd4 Qxd4 17. Nxd4 e5 18. fxe5 Bxe5 19. Rd1 f4 20. Nxc6 Bxc6 21. b5 Bc3+ 22. Kf1 Bxb5+ 23. Kg1 f3 24. Bh3 Rae8 25. Bf1 Bxf1 26. Rxf1 Re1 27. Rxe1 Bxe1 28. h3 Rc8 29. Kh2 Bxf2 30. Rf1 Bxc5 31. Rxf3 Bb6 32. a3 Rc2+ 33. Kh1 d4 34. Rd3 Rc3 35. Rxc3 dxc3 0-1

[Event "World ol U16"]
[Site "Gyor"]
[Date "2014.12.13"]
[Round "1.3"]
[White "Samons, Marcelle"]
[Black "Jacobsen, Mikkel Manosri"]
[Result "0-1"]
[WhiteElo "1539"]
[BlackElo "2167"]
[PlyCount "92"]
[EventDate "2014.12.13"]
[EventType "team-swiss"]
[EventRounds "10"]
[EventCountry "HUN"]
[SourceTitle "EXT 2016"]
[Source "ChessBase"]
[SourceDate "2015.10.08"]
[SourceVersion "1"]
[SourceVersionDate "2015.10.08"]
[SourceQuality "1"]
[WhiteTeam "South Africa Girls"]
[BlackTeam "Denmark"]
[WhiteTeamCountry "RSA"]
[BlackTeamCountry "DEN"]

1. e4 c6 2. d4 d5 3. Nc3 dxe4 4. Nxe4 Bf5 5. Ng3 Bg6 6. h4 h6 7. h5 Bh7 8. Nf3 e6 9. Bd3 Bxd3 10. Qxd3 Nf6 11. Bd2 Nbd7 12. 0-0-0 Bd6 13. Ne4 Nxe4 14. Qxe4 Nf6 15. Qe2 Qc7 16. Ne5 0-0 17. g4 c5 18. g5 cxd4 19. gxf6 Bxe5 20. fxg7 Rfd8 21. Bxh6 Rd5 22. Rh3 Rc8 23. Qd3 Rc5 24. Rd2 Qa5 25. Kb1 Rc3 26. bxc3 Rxc3 27. Qf1 Qb4+ 28. Kc1 Qa3+ 29. Kb1 Rxh3 30. Rd3 Rxd3 31. cxd3 Bxg7 32. Bc1 Qb4+ 33. Bb2 Qb5 34. Qe2 Qe5 35. Qf3 Qe1+ 36. Bc1 Bh6 37. Qg3+ Kh7 38. Qc7 Qxc1+ 39. Qxc1 Bxc1 40. Kxc1 Kh6 41. Kc2 Kxh5 42. Kb3 Kg4 43. Kc4 e5 44. Kd5 Kf4 45. Kd6 e4 46. dxe4 d3 0-1